| Tag |
First Indicator |
Second Indicator |
Subfields |
| LEADER |
00000cam a2200000 a 4500 |
| 001 |
in00000034301 |
| 005 |
20151007060646.0 |
| 008 |
870720s1988 nyua 00010 eng |
| 010 |
|
|
|a 87020166
|
| 020 |
|
|
|a 038524276X (pbk.) :
|c $17.95
|
| 035 |
|
|
|a (OCoLC)16351885
|
| 035 |
|
|
|9 AAC1384AM
|
| 040 |
|
|
|a DLC
|c DLC
|d TXA
|d UtOrBLW
|
| 049 |
|
|
|a TXAM
|c [A12634765]
|
| 050 |
0 |
0 |
|a GV482
|b .P43 1988
|
| 082 |
0 |
|
|a 613.7/045
|2 19
|
| 100 |
1 |
|
|a Pearlman, Barbara.
|
| 245 |
1 |
0 |
|a Workouts that work for women who work /
|c Barbara Pearlman ; photographs by Kevin Lein.
|
| 250 |
|
|
|a 1st ed.
|
| 264 |
|
1 |
|a New York :
|b Doubleday,
|c 1988.
|
| 300 |
|
|
|a xv, 187 pages :
|b illustrations ;
|c 26 cm.
|
| 336 |
|
|
|a text
|b txt
|2 rdacontent
|
| 337 |
|
|
|a unmediated
|b n
|2 rdamedia
|
| 338 |
|
|
|a volume
|b nc
|2 rdacarrier
|
| 500 |
|
|
|a "A Dolphin book."
|
| 650 |
|
0 |
|a Exercise for women.
|
| 650 |
|
0 |
|a Women
|x Employment.
|
| 999 |
|
|
|a MARS
|
| 999 |
f |
f |
|s 2f2ceeb4-a9e0-31c2-9f06-1146c72dac8a
|i 95bc6333-a43d-36c2-9d49-2459f1c8f1da
|t 0
|
| 952 |
f |
f |
|p normal
|a Texas A&M University
|b College Station
|c Sterling C. Evans Library
|d Evans: Library Stacks
|t 0
|e GV482 .P43 1988
|h Library of Congress classification
|i unmediated -- volume
|m A14812634765
|
| 998 |
f |
f |
|a GV482 .P43 1988
|t 0
|l Evans: Library Stacks
|